000 00341nam a2200133Ia 4500
005 20260326235439.0
008 260326s9999||||xx |||||||||||||| ||und||
100 _aKlose, Dietrich
245 0 _aMetropolitan parking Structures /
_cDietrich Klose
260 _bArthur Niggli
300 _a247 p.
650 _aARQUITECTURA CIVIL
942 _cBK
999 _c7333
_d7333